Dithranol hatása humán keratinociták citokin expressziójára [The effect of dithranol on the cytokine expression of human keratinocytes]

Elmentve itt :
Bibliográfiai részletek
Szerzők: Farkas Árpád
Kemény Lajos
Szőny Barnabás József
Csörgő Sándorné Bata Zsuzsanna
Kiss Mária
Pivarcsi Andor
Dobozy Attila
Dokumentumtípus: Cikk
Megjelent: 2000
Sorozat:BŐRGYÓGYÁSZATI ÉS VENEROLÓGIAI SZEMLE 76 No. 2
Tárgyszavak:
mtmt:247263
Online Access:http://publicatio.bibl.u-szeged.hu/31307
LEADER 01080nab a2200301 i 4500
001 publ31307
005 20241203153418.0
008 241203s2000 hu o 000 hun d
022 |a 0006-7768 
024 7 |a 247263  |2 mtmt 
040 |a SZTE Publicatio Repozitórium  |b hun 
041 |a hun 
100 1 |a Farkas Árpád 
245 1 0 |a Dithranol hatása humán keratinociták citokin expressziójára [The effect of dithranol on the cytokine expression of human keratinocytes]  |h [elektronikus dokumentum] /  |c  Farkas Árpád 
260 |c 2000 
300 |a 6 
300 |a 55-60 
490 0 |a BŐRGYÓGYÁSZATI ÉS VENEROLÓGIAI SZEMLE  |v 76 No. 2 
650 4 |a Biológiai tudományok 
650 4 |a Általános orvostudomány 
650 4 |a Klinikai orvostan 
700 0 1 |a Kemény Lajos  |e aut 
700 0 1 |a Szőny Barnabás József  |e aut 
700 0 2 |a Csörgő Sándorné Bata Zsuzsanna  |e aut 
700 0 2 |a Kiss Mária  |e aut 
700 0 2 |a Pivarcsi Andor  |e aut 
700 0 2 |a Dobozy Attila  |e aut 
856 4 0 |u http://publicatio.bibl.u-szeged.hu/31307/1/aok_klny_332_2000.pdf  |z Dokumentum-elérés